00617nam a2200193Ia 4500008004100000020001500041082001300056100002500069245002200094250000800116260003800124300002300162500001900185600002100204650005000225942000700275952012600282999001500408240925s9999 xx 000 0 und d a8120321758 a004.6TAN aTanenbaum, Andrew .S 0aComputer Networks a4th aNew Delhi:bPrentice Hallc,2003. a796p.bNAfPirated aIncludes Index aComputer Science aComputer science, information & general works cBK 001040708CSaUITUbUITUd2005-02-22eFair Book Centerg650.00l0o004.6TANpQ6097r2024-09-25 07:14:04w2024-09-25yBK c8596d8596